វិញ្ញាសា រូបវិទ្យា ជ្រើសរើសពិសេស ថ្នាក់ទី១២ ថ្មី : (Record no. 6675)

MARC details
000 -LEADER
fixed length control field 01589nam a22002297a 4500
001 - CONTROL NUMBER
control field 6675
003 - CONTROL NUMBER IDENTIFIER
control field FISKH
005 - DATE AND TIME OF LATEST TRANSACTION
control field 20250520110922.0
008 - FIXED-LENGTH DATA ELEMENTS--GENERAL INFORMATION
fixed length control field 250520b cb ||||| |||| 00| 0 eng d
040 ## - CATALOGING SOURCE
Original cataloging agency FISKH
Language of cataloging khr
Transcribing agency FISKH
Modifying agency FISKH
082 ## - DEWEY DECIMAL CLASSIFICATION NUMBER
Classification number 530
100 ## - MAIN ENTRY--PERSONAL NAME
Personal name Sina,​ Oy
245 ## - TITLE STATEMENT
Title វិញ្ញាសា រូបវិទ្យា ជ្រើសរើសពិសេស ថ្នាក់ទី១២ ថ្មី :
Remainder of title សំរាប់ត្រៀម ប្រលងសញ្ញាប័ត្រមធ្យមសិក្សាទុតិយភូមិ, ប្រលងឆមាស១-២ និងប្រលងសិស្សពូកែ២០០២-២០១២ /
Statement of responsibility, etc. រៀបរៀងដោយ អយ សុីណា​​​ និង​ សៅ វន្នី
260 ## - PUBLICATION, DISTRIBUTION, ETC.
Place of publication, distribution, etc. ភ្នំពេញ :
Name of publisher, distributor, etc. សា អុីម​ ,
Date of publication, distribution, etc. ២០១១ .
300 ## - PHYSICAL DESCRIPTION
Extent 169 pages :
Other physical details illustrations ;
Dimensions 15 cm .
520 ## - SUMMARY, ETC.
Summary, etc. សៀវភៅនេះជាជំនួយដល់ប្អូនៗថ្នាក់ទី១២សម្រាប់ត្រៀមប្រលងសញ្ញាបត្រមធ្យមសិក្សាទុតិយភូមិ​, ប្រលងឆមាសទី១-២​ និងប្រលងសិស្សពូកែ។​
520 ## - SUMMARY, ETC.
Summary, etc. "This book serves as a helpful resource for Grade 12 students to prepare for the high school diploma exam, first and second semester exams, and outstanding student competitions."
650 ## - SUBJECT ADDED ENTRY--TOPICAL TERM
Topical term or geographic name entry element រូបវិទ្យា
650 ## - SUBJECT ADDED ENTRY--TOPICAL TERM
Topical term or geographic name entry element Physics
942 ## - ADDED ENTRY ELEMENTS (KOHA)
Source of classification or shelving scheme Dewey Decimal Classification
Koha item type Khmer Books
Suppress in OPAC No
Holdings
Withdrawn status Lost status Source of classification or shelving scheme Damaged status Not for loan Collection Home library Current library Shelving location Date acquired Total Checkouts Full call number Barcode Date last seen Price effective from Koha item type
    Dewey Decimal Classification     Khmer Language Books / សៀវភៅភាសាខ្មែរ Footprints International School Library Network Toul Tom Poung Campus Footprints International School Library Network Toul Tom Poung Campus TTP Secondary Khmer Bookshelves 05/20/2025   SIN 530 2025-1337 05/20/2025 05/20/2025 Khmer Books